书目信息 |
| 题名: |
家居装修设计3000例
|
|
| 作者: | 李江军 编 | |
| 分册: | 吊顶 | |
| 出版信息: | 北京 中国电力出版社 2015.7 |
|
| 页数: | 120页 | |
| 开本: | 24cm | |
| 丛书名: | ||
| 单 册: | ||
| 中图分类: | TU241.02- , TU241.01-64 | |
| 科图分类: | ||
| 主题词: | 住宅--室内装饰设计--图集 , 住宅--顶棚--室内装饰设计--图集 | |
| 电子资源: | ||
| ISBN: | 978-7-5123-7714-1 | |
| 000 | 01107nam0 2200277 450 | |
| 001 | 0400005964 | |
| 005 | 20171031155034.0 | |
| 010 | @a978-7-5123-7714-1@dCNY39.00 | |
| 100 | @a20150814e20162015em y0chiy50 ea | |
| 101 | 0 | @achi |
| 102 | @aCN@b110000 | |
| 105 | @aa z 000yy | |
| 106 | @ar | |
| 200 | 1 | @a家居装修设计3000例@Ajia ju zhuang xiu she ji 3000 li@i吊顶@dHome decoration design@iCeiling@e白金版@f李江军编@zeng |
| 210 | @a北京@c中国电力出版社@d2015.7@h2016.4 | |
| 215 | @a120页@d24cm | |
| 330 | @a本书不仅展示了750个代表国内最高设计水平的效果图案例,而且专门邀请了十多名经验丰富的室内设计师总结归纳在实际装修中的心得,编写了58个原创装修贴士,从材料、设计、施工、软装等几个角度解答业主在装修过程中遇到的普遍性问题,为广大读者提供非常有价值的装修参考。 | |
| 510 | 1 | @aHome decoration design@iCeiling@zeng |
| 517 | 1 | @a吊顶@Adiao ding |
| 606 | 0 | @a住宅@x室内装饰设计@j图集 |
| 606 | 0 | @a住宅@x顶棚@x室内装饰设计@j图集 |
| 690 | @aTU241.02-@v4 | |
| 690 | @aTU241.01-64@v4 | |
| 701 | 0 | @a李江军@Ali jiang jun@4编 |
| 801 | 0 | @aCN@b上海新华@c20171031 |
| 905 | @b1023790-4@dTU241.02-@e1372@f5 | |
| 家居装修设计3000例.吊顶=Home decoration design.Ceiling:白金版/李江军编.-北京:中国电力出版社,2015.7(2016.4) |
| 120页;24cm |
| ISBN 978-7-5123-7714-1:CNY39.00 |
| 本书不仅展示了750个代表国内最高设计水平的效果图案例,而且专门邀请了十多名经验丰富的室内设计师总结归纳在实际装修中的心得,编写了58个原创装修贴士,从材料、设计、施工、软装等几个角度解答业主在装修过程中遇到的普遍性问题,为广大读者提供非常有价值的装修参考。 |
| ● |
| 相关链接 |
|
|
|
|
正题名:家居装修设计3000例
索取号:TU241.02-/1372
 
预约/预借
| 序号 | 登录号 | 条形码 | 馆藏地/架位号 | 状态 | 备注 |
| 1 | 1023790 | 210237901 | 第二样本阅览室/ [索取号:TU241.02-/1372] | 在馆 | |
| 2 | 1023791 | 210237910 | 密集书库-生命科学系/ [索取号:TU241.02-/1372] | 在馆 | |
| 3 | 1023792 | 210237929 | 第三借阅区/ [索取号:TU241.02-/1372] | 在馆 | |
| 4 | 1023793 | 210237938 | 第三借阅区/ [索取号:TU241.02-/1372] | 在馆 | |
| 5 | 1023794 | 210237947 | 第三借阅区/ [索取号:TU241.02-/1372] | 在馆 |